HIV/AIDS: stand up for human rights. (Cartoons) (Record no. 31699)

MARC details
000 -LEADER
fixed length control field 00819nam a2200217 a 4500
008 - FIXED-LENGTH DATA ELEMENTS--GENERAL INFORMATION
fixed length control field 120619s2003 ||||||||||||||||| || u
020 ## - INTERNATIONAL STANDARD BOOK NUMBER
International Standard Book Number 9789241591140
050 ## - LIBRARY OF CONGRESS CALL NUMBER
Classification number RA 644.A25 Hum (BOX 210)
110 ## - MAIN ENTRY--CORPORATE NAME
Corporate name or jurisdiction name as entry element World Health Organization (WHO)
245 10 - TITLE STATEMENT
Title HIV/AIDS: stand up for human rights. (Cartoons)
260 ## - PUBLICATION, DISTRIBUTION, ETC.
Place of publication, distribution, etc. Geneva:
Name of publisher, distributor, etc. WHO
Date of publication, distribution, etc. 2003
300 ## - PHYSICAL DESCRIPTION
Extent 16p.: ill.
500 ## - GENERAL NOTE
General note Blue Trunk Library Collection (WHO).
650 ## - SUBJECT ADDED ENTRY--TOPICAL TERM
Topical term or geographic name entry element CARTOONS
650 #0 - SUBJECT ADDED ENTRY--TOPICAL TERM
Topical term or geographic name entry element HUMAN RIGHTS
650 ## - SUBJECT ADDED ENTRY--TOPICAL TERM
Topical term or geographic name entry element ACQUIRED IMMUNODEFICIENCY SYNDROME--PSYCHOLOGY
650 ## - SUBJECT ADDED ENTRY--TOPICAL TERM
Topical term or geographic name entry element PREJUDICE
650 ## - SUBJECT ADDED ENTRY--TOPICAL TERM
Topical term or geographic name entry element POPULAR WORKS
650 ## - SUBJECT ADDED ENTRY--TOPICAL TERM
Topical term or geographic name entry element HIV INFECTIONS--PSYCHOLOGY
995 ## -
-- MEDICAL LIBRARY OPEN ACCESS
-- 743108
-- CBU-SCHOOL OF MEDICINE LIBRARY (Ndola)
-- BTL RA 644.A25 Hum (BOX 210)
-- 1
-- AVAILABLE
-- Aug 9, 2012
-- 743108
-- Medical Library Open Access Collection
999 ## -
-- 31699
-- 31699
Holdings
Withdrawn status Lost status Source of classification or shelving scheme Damaged status Not for loan Permanent Location Current Location Shelving location Date acquired Total Checkouts Full call number Barcode Date last seen Price effective from Koha item type
          CBU-SCHOOL OF MEDICINE LIBRARY, NDOLA. CBU-SCHOOL OF MEDICINE LIBRARY, NDOLA.   11/30/2022   RA 644.A25 Hum (BOX 210) 743108 11/30/2022 11/30/2022 MONOGRAPH